[Event "ISR Youth-Ch Finals 2021 U18"]
[Site "Ramat Hasharon"]
[Date "2021.03.25"]
[Round "8.1"]
[White "Ben Ari, Yannay"]
[Black "Zemach, Roee"]
[Result "1-0"]
[WhiteElo "2403"]
[BlackElo "2292"]
[Annotator "TA"]
[PlyCount "101"]
[EventDate "2021.03.19"]
[EventType "swiss"]
[EventCountry "ISR"]
[SourceTitle "playchess.com"]
[Source "ChessBase"]
[SourceQuality "1"]

{[%evp 12,101,29,29,22,21,20,24,16,18,34,23,44,41,59,50,57,42,58,24,39,-7,53,12,55,9,70,24,72,80,93,99,73,100,214,202,205,197,211,139,150,157,154,163,171,65,38,52,36,0,0,0,47,43,70,18,25,16,22,26,51,52,213,81,80,60,70,0,80,79,180,68,159,51,44,60,426,142,149,149,144,143,141,141,131,141,141,141,141,141,29963,29958]} 1. e4 e5 2. Nf3 Nc6 3. Bb5 a6 4. Ba4 Nf6 5. d3 d6 6. c3 g6 7. h3 Bg7 {C77: Ruy Lopez: 3...a6 4 Ba4 Nf6, unusual lines.} 8. Be3 O-O 9. Nbd2 b5 {White has an edge.} 10. Bc2 {[#]} Rb8 $146 ({Predecessor:} 10... Bb7 11. O-O Nd7 12. a3 Ne7 13. d4 c5 14. Re1 Qc7 15. b4 c4 16. Qc1 d5 17. Bh6 Bxh6 {0-1 (17) Grischuk,A (2775)-Caruana,F (2819) Stavanger 2019}) 11. O-O Nh5 12. Re1 h6 13. d4 Qf6 14. Nf1 Na5 15. N1h2 Nf4 16. h4 Kh7 ({Black should try} 16... g5 $11) 17. g3 Nh5 18. Bd3 Qe6 (18... Nc4 $11) 19. b3 Qe7 20. a4 b4 21. cxb4 Nc6 {[%cal Re5d4]} 22. b5 exd4 {[#]} (22... Nxd4 $16 23. Bxd4 (23. bxa6 c5 $14) 23... exd4) 23. Bxh6 $1 $18 {[%mdl 512]} Bxh6 (23... Kxh6 24. bxc6) 24. bxc6 Bg7 25. e5 Kg8 {[%cal Rd6e5]} 26. e6 ({Much weaker is} 26. Nxd4 $6 dxe5 27. Ndf3 Rd8 $14) 26... Bxe6 27. Ng5 {Hoping for Bxg6!} Qf6 {[#]} 28. Ng4 (28. Rxe6 $1 $18 {[%mdl 512]} fxe6 29. Ng4) 28... Bxg4 $14 29. Qxg4 Rxb3 30. Bxa6 d5 31. Bb5 Rb2 (31... Qd6 {is interesting.} 32. Rab1 Ra3 33. Kh1 d3 34. Re3 Ra2) 32. Qf3 Qd6 33. Qa3 (33. Reb1 $14 Rxb1+ 34. Rxb1) 33... Qxa3 $11 34. Rxa3 Nf6 35. Re2 $36 {[%mdl 2048] White is more active.} Rb1+ 36. Kg2 Ra8 $2 (36... Re8 $14) 37. Rf3 (37. Re7 $1 $18 {and the rest is easy.}) 37... Kf8 $16 38. Rf4 Rd1 39. Rf3 Rb1 $1 40. Re5 Rb2 (40... Rc1 $16) 41. Rf4 ({White has to play} 41. h5 $1 $18 {[%cal Rh5g6]} Re8 42. Rxe8+ Kxe8 43. hxg6) 41... Ra2 {[#]} (41... Rd8 $14) 42. Re1 ({Inferior is} 42. Rxd4 Ng4 $11) (42. h5 $1 $16 {[%cal Rh5h6] And now h6 would win.} gxh5 43. Ref5) 42... d3 $14 43. Rd1 Ne4 $2 {[%mdl 8192]} ({Black should play} 43... d2 $14) 44. Rxd3 $2 (44. Ne6+ $18 Kg8 45. Nxc7 {[%mdl 64] Double Attack}) 44... Nxg5 $16 45. hxg5 Be5 46. Rff3 Rd8 {[#]} 47. Bc4 $1 {[%cal Rc4a2][%mdl 512]} Rxa4 48. Bxd5 f5 49. gxf6 Rd6 50. f7 {aiming for Rfe3.} g5 $2 {[%mdl 8192]} (50... Rd4 $16) 51. Rfe3 {Weighted Error Value: White=0.30/Black=0.51} 1-0

[Event "ISR Youth-Ch Finals 2021 U18"]
[Site "Ramat Hasharon"]
[Date "2021.03.25"]
[Round "8.2"]
[White "Ehrlich, Roy"]
[Black "Tzidkiya, Yeshaayahu"]
[Result "1-0"]
[WhiteElo "2004"]
[BlackElo "2380"]
[Annotator "TA"]
[PlyCount "69"]
[EventDate "2021.03.19"]
[EventType "swiss"]
[EventCountry "ISR"]
[SourceTitle "playchess.com"]
[Source "ChessBase"]
[SourceQuality "1"]

{[%evp 12,68,0,-5,18,15,12,22,22,14,48,37,47,29,38,33,48,22,45,37,56,34,67,61,140,132,192,185,207,207,247,240,252,261,335,316,328,333,295,307,452,462,537,526,709,703,685,687,784,761,1231,1152,1093,1082,29986,29987,29998,29999,29999]} 1. e4 c5 2. Nf3 g6 3. d4 cxd4 4. c3 Bg7 5. Bc4 d6 6. Qb3 e6 7. cxd4 Nf6 {B22: Sicilian: 2 c3.} 8. Nc3 O-O {[#]} 9. Be2 $146 ({Predecessor:} 9. Bg5 h6 10. Bxf6 Bxf6 11. e5 dxe5 12. dxe5 Bg7 13. O-O Nc6 14. Rad1 Qa5 15. Bb5 Nxe5 16. Nxe5 Bxe5 {½-½ (80) Steel Stephen,D (1972)-Rosario Tejada,A (1637) Santo Domingo 2015}) 9... Nc6 {The position is equal.} 10. O-O h6 11. h3 a6 12. a4 b6 13. Be3 Rb8 14. Rac1 Ne7 15. Qa3 Bb7 16. Bf4 Ne8 17. Rfd1 f5 {White leaves nothing to chance now.} (17... b5 $14) 18. e5 $16 {[%cal Re5d6]} Bxf3 (18... d5 $16 {keeps fighting.}) 19. Bxf3 $18 {[%cal Re5d6]} d5 20. Na2 g5 21. Bd2 Qd7 22. Bb4 Rb7 23. Bxe7 Qxe7 24. Qxe7 Rxe7 25. Rc6 b5 (25... Nc7 {was called for.} 26. Rxb6 Ra8) 26. a5 Rc7 27. Rxe6 Rc2 28. Bxd5 {Threatens to win with Rc6+.} Kh7 29. Nb4 {[%mdl 64] [#] Double Attack} Rxb2 30. Nxa6 Bh8 31. Re7+ Kg6 32. Nc5 Ng7 33. Nd7 {White mates.} Rc8 34. Bf7+ Kh7 35. Nf6# {Weighted Error Value: White=0.03/Black=0.63} 1-0

[Event "ISR Youth-Ch Finals 2021 U18"]
[Site "Ramat Hasharon"]
[Date "2021.03.25"]
[Round "8.3"]
[White "Globus, Or"]
[Black "Milikow, Yoav"]
[Result "1/2-1/2"]
[WhiteElo "2401"]
[BlackElo "2302"]
[Annotator "TA"]
[PlyCount "29"]
[EventDate "2021.03.19"]
[EventType "swiss"]
[EventCountry "ISR"]
[SourceTitle "playchess.com"]
[Source "ChessBase"]
[SourceQuality "1"]

{[%evp 9,29,6,10,8,21,20,18,0,0,0,0,0,22,0,0,0,0,0,0,0,0,0]} 1. d4 Nf6 2. c4 g6 3. g3 c6 4. Bg2 d5 5. Qa4 Nfd7 {The position is equal.} 6. cxd5 {D71: Fianchetto Grünfeld: 3 g3 d5 sidelines and 5 cxd5 (without Nf3).} Nb6 {[%mdl 64] [#] Double Attack} 7. Qd1 cxd5 8. e3 Nc6 9. Ne2 Bf5 10. O-O Nb4 11. Nbc3 Bc2 12. Qe1 {[#]} Bf5 $146 ({Predecessor:} 12... Bd3 13. Bh3 h5 14. Qd1 Bc2 15. Qe1 Bf5 16. Bxf5 gxf5 17. Qd2 h4 18. b3 e6 19. Ba3 Nd7 20. Na4 a5 21. Nf4 Bd6 {½-½ (44) Razumikhin,A (2391)-Rodolfo Masera,L (2260) ICCF email 2017}) 13. Qd1 Bc2 14. Qe1 Bf5 {White must now prevent ...Nc2.} 15. Qd1 {A rather calm draw.  Weighted Error Value: White=0.03/Black=0.02} 1/2-1/2

[Event "ISR Youth-Ch Finals 2021 U18"]
[Site "Ramat Hasharon"]
[Date "2021.03.25"]
[Round "8.4"]
[White "Gorodetzky, Matan"]
[Black "Kochavi, Ori"]
[Result "1-0"]
[WhiteElo "2253"]
[BlackElo "2273"]
[Annotator "TA"]
[PlyCount "53"]
[EventDate "2021.03.19"]
[EventType "swiss"]
[EventCountry "ISR"]
[SourceTitle "playchess.com"]
[Source "ChessBase"]
[SourceQuality "1"]

{[%evp 12,53,15,12,16,12,12,12,12,12,98,12,12,15,15,15,26,15,15,18,18,11,16,5,9,10,33,36,31,35,49,64,65,72,58,68,87,90,339,331,536,513,853,824]} 1. e4 c6 2. d4 d5 3. exd5 cxd5 4. Bd3 Nc6 5. c3 Nf6 6. Bf4 Bg4 7. Qb3 e5 {[#] B13: Caro-Kann: Exchange Variation and Panov-Botvinnik Attack.} 8. h3 $1 Na5 9. Qc2 exf4 {The position is equal.} 10. hxg4 Qe7+ (10... Nxg4 $11 11. Qe2+ Qe7) 11. Qe2 (11. Kf1 $16) 11... Nxg4 $11 12. Nh3 f3 13. Qxe7+ Bxe7 14. g3 g6 15. Nd2 Bd6 16. Nxf3 O-O {[#]} 17. Kf1 $146 ({Predecessor:} 17. O-O Rfe8 {½-½ (17) Carter,M (2071)-Packroff,H (2196) ICCF email 2018}) 17... b5 18. Kg2 Rab8 19. b4 Nc4 20. a4 Rfc8 21. axb5 {[%mdl 64] [#] Discovered Attack} Nb2 22. Be2 {Threatens to win with Nfg5.} Rxc3 23. Nfg5 {[%cal Bf3g5,Bg5f7,Bf7g5][%mdl 32]} Nf6 24. Rxa7 Rc2 $2 (24... Rc7 $16 25. Rxc7 Bxc7) 25. Nxf7 $18 ({Less strong is} 25. Rxf7 Rf8 $18) 25... Bf8 (25... Rc7 {keeps fighting.}) 26. Nf4 g5 (26... Nc4 $142 27. Ng5 h6) 27. Nxg5 {Weighted Error Value: White=0.09/Black=0.45} 1-0

[Event "ISR Youth-Ch Finals 2021 U18"]
[Site "Ramat Hasharon"]
[Date "2021.03.25"]
[Round "8.5"]
[White "Cohen Revivo, Shoham"]
[Black "Gov, Guy"]
[Result "0-1"]
[WhiteElo "2171"]
[BlackElo "2095"]
[Annotator "TA"]
[PlyCount "90"]
[EventDate "2021.03.19"]
[EventType "swiss"]
[EventCountry "ISR"]
[SourceTitle "playchess.com"]
[Source "ChessBase"]
[SourceQuality "1"]

{[%evp 19,90,4,1,0,0,0,0,-9,21,-12,-30,-20,-7,-13,-8,-23,-20,-156,-153,-181,-181,-246,-258,-269,-265,-278,-220,-327,-329,-340,-339,-358,-346,-351,-321,-395,-396,-400,-402,-283,-391,-402,-409,-402,-385,-387,-376,-402,-397,-538,-532,-525,-521,-552,-543,-729,-713,-860,-860,-860,-858,-833,-845,-835,-823,-1125,-1020,-1921,-1866,-29965,-11702,-4718,-4718]} 1. b3 b6 2. Bb2 Bb7 3. Nf3 Nf6 4. c4 c5 5. e3 e6 6. Be2 Be7 7. O-O O-O 8. d4 d5 9. cxd5 Nxd5 10. dxc5 Bxc5 11. Nc3 {A30: Symmetrical English: Double Fianchetto and Hedgehog.} Nxc3 12. Bxc3 {[#]} Qe7 $146 ({Predecessor:} 12... Nc6 13. a3 Qxd1 14. Rfxd1 Rfd8 15. b4 Bf8 16. Rxd8 Rxd8 17. Rd1 Rxd1+ 18. Bxd1 Bd6 19. Nd2 Ne7 20. e4 Kf8 {½-½ (40) Potapov,A (2370)-Potapov,P (2492) Sochi 2019}) 13. Qb1 {The position is equal.} Bb4 14. Bb2 Nd7 {[%cal Bb8d7,Bd7c5,Bc5a4,Ba4c3][%mdl 32]} 15. a3 Bd6 16. Rd1 {[#] Strongly threatening Qd3.} Nc5 17. b4 (17. Bd4 {feels hotter.} e5 18. Bxc5 Bxc5 19. b4 Bd6 20. Ra2) 17... Na4 18. Rxd6 {Black keeps a firm grip on the game.} Qxd6 $17 19. Be5 Qc6 20. Qf1 (20. Bd3 $142) 20... Nc3 $19 21. Bd3 {[#] Black must now prevent Rc1.} Rac8 22. h4 f6 23. Bh2 (23. Bxc3 $142 Qxc3 24. Nd4) 23... e5 24. Bf5 Rcd8 25. h5 Bc8 26. Bc2 Bg4 27. Bb3+ Kh8 28. h6 Bxf3 29. hxg7+ Kxg7 30. gxf3 Qxf3 {Hoping for ...Ne2+.} 31. Qg2+ Qxg2+ 32. Kxg2 Rd2 33. Kf3 Rb2 34. Be6 Rb1 35. Rxb1 Nxb1 {[%mdl 4096] Endgame KRN-KB} 36. a4 a5 37. b5 Nc3 38. Bb3 Rd8 39. Kg4 Rd2 40. Bg3 Rb2 41. Be6 Rb4+ 42. Kf5 Ne4 {[%cal Re4d6]} 43. Bd5 Nxg3+ 44. fxg3 Rxa4 45. Ke6 Rb4 {Weighted Error Value: White=0.45/Black=0.04} 0-1

[Event "ISR Youth-Ch Finals 2021 U18"]
[Site "Ramat Hasharon"]
[Date "2021.03.25"]
[Round "8.6"]
[White "Kadria, Shay"]
[Black "Gorshtein, Asaf"]
[Result "0-1"]
[WhiteElo "2086"]
[BlackElo "2122"]
[Annotator "TA"]
[PlyCount "94"]
[EventDate "2021.03.19"]
[EventType "swiss"]
[EventCountry "ISR"]
[SourceTitle "playchess.com"]
[Source "ChessBase"]
[SourceQuality "1"]

{[%evp 14,94,13,12,15,0,4,0,8,14,26,0,4,-39,-17,-24,-36,-33,-31,-31,-35,-31,-10,-29,-24,-30,-1,-26,-12,-48,-19,-41,-32,-75,-77,-100,-87,-95,-57,-57,-57,-68,-61,-75,-81,-83,-68,-75,-67,-74,-67,-71,-81,-84,-57,-64,-57,-67,-58,-68,-58,-82,-74,-283,-81,-91,-75,-96,-94,-200,-236,-233,-151,-157,-140,-658,-658,-1072,-1072,-1031,-1016,-1389,-1257]} 1. Nf3 d5 2. g3 Bg4 3. Bg2 Nd7 4. d4 e6 5. O-O Bd6 6. Nbd2 Ngf6 7. c4 c6 8. Re1 O-O {D02: 1 d4 d5 2 Nf3 sidelines, including 2...Nf6 3 g3 and 2...Nf6 3 Bf4.} 9. b3 a5 10. a3 Re8 {The position is equal.} 11. Bb2 {[#]} h6 $146 ({Predecessor:} 11... Bf5 12. Nh4 h6 13. e4 Nxe4 14. Nxe4 Bxe4 15. Bxe4 dxe4 16. Rxe4 Be7 17. Nf3 Bf6 18. Qc2 Qb6 {½-½ (62) Olafsson,H (2522)-Semcesen,D (2465) Reykjavik 2009}) 12. Ne5 Bf5 13. e4 (13. e3 {with more complications.} Ne4 14. Nxe4 Bxe4 15. Bxe4 dxe4 16. Nxd7 Qxd7 17. Bc3) 13... dxe4 14. Nxd7 Qxd7 15. Nxe4 Nxe4 16. Bxe4 Bxe4 17. Rxe4 Be7 18. h4 Bf6 19. Qe2 Red8 20. Re1 Qc7 21. h5 Qb6 22. Qe3 Rd7 23. g4 Rad8 {[%cal Rf6d4]} 24. c5 Qc7 25. b4 b5 26. f4 Rd5 27. Rd1 Ra8 28. Rf1 axb4 29. axb4 Ra2 30. Qb3 Qa7 31. Kh1 Ra4 32. Rf2 Qd7 {[%cal Rf6d4]} 33. Rd2 Kf8 34. Bc3 Qa7 35. Qb2 Ra3 36. Rde2 Kg8 37. f5 exf5 38. Re8+ Kh7 39. Rf8 {Threatening Ree8.} Rd8 40. Rxd8 Bxd8 41. Qc2 (41. gxf5 $17 Bf6 42. Kg2) 41... Qd7 $19 {White must now prevent ...Qd5+.} 42. Re5 Bf6 43. Rxf5 {[#] Strongly threatening Rd5+.} Kg8 $36 {[%mdl 2048] Black is on the roll.} 44. Bb2 {[%mdl 8192]} (44. Qb2 $17 Ra8 45. d5 Bxc3 46. Qxc3) 44... Re3 {Black is clearly winning.} 45. d5 Bxb2 46. Qxb2 Qe7 {[#] Threatens to win with ...Qh4+.} 47. Qg2 Qh4+ {Weighted Error Value: White=0.53/Black=0.10} 0-1

[Event "ISR Youth-Ch Finals 2021 U18"]
[Site "Ramat Hasharon"]
[Date "2021.03.25"]
[Round "8.7"]
[White "Iliaguev, Daniel"]
[Black "Katkov, Michelle"]
[Result "0-1"]
[WhiteElo "2103"]
[BlackElo "2078"]
[Annotator "TA"]
[PlyCount "139"]
[EventDate "2021.03.19"]
[EventType "swiss"]
[EventCountry "ISR"]
[SourceTitle "playchess.com"]
[Source "ChessBase"]
[SourceQuality "1"]

{[%evp 11,139,0,0,0,0,0,0,0,0,0,0,0,0,-22,-15,-61,-57,-49,-55,-51,-48,-131,-119,-268,-264,-298,-294,-291,-285,-276,-226,-216,-229,-215,-166,-213,-212,-180,-125,-191,-182,-179,-183,-182,-160,-173,-155,-162,-118,-105,-72,-76,-73,-112,-112,-112,-112,-112,-112,-112,-105,-105,-105,-119,-112,-112,-112,-112,-112,-112,-112,-112,-112,-112,-105,-105,-105,-105,-94,-232,-64,-241,-241,-241,-241,-778,-1000,-866,-763,-723,-533,-715,-464,-1180,-1206,-1091,-1067,-925,-866,-752,-669,-1152,-1153,-802,-240,-5041,-4447,-789,-240,-29974,-29976,-29976,-230,-230,-230,-229,-184,-184,-184,-29972,-29973,-29975,-29976,-29975,-29976,-29979,-29980,-29976,-29974,-29974]} 1. e4 e5 2. Nf3 Nc6 3. d4 exd4 4. Bc4 Bc5 5. c3 Nf6 6. e5 d5 7. Be2 {C54: Giuoco Piano: 4 c3 Nf6, main lines with 5 d4 and 5 d3.} Ne4 8. cxd4 Bb6 9. O-O {The position is equal. 9.Nc3 injects fresh life into this line.} O-O 10. Be3 f6 11. exf6 Qxf6 {[#]} 12. Nbd2 $146 ({Predecessor:} 12. Nc3 Be6 13. Rc1 Rad8 14. h3 h6 15. a3 Ne7 16. Na4 c6 17. Qb3 Bc7 18. Qxb7 {0-1 (33) Jones,G (2661)-Caruana,F (2839) London 2014}) 12... Bf5 13. Nb3 Rad8 14. Rc1 a5 15. Nbd2 h6 16. Rxc6 bxc6 17. Qa4 (17. Qc1 $17 {was called for.}) 17... c5 $19 18. Rd1 cxd4 19. Bxd4 Bxd4 20. Qxd4 Qxd4 21. Nxd4 Nxd2 22. Rxd2 c5 23. Nc6 Rde8 24. f3 d4 (24... c4 $19 25. Nxa5 Rf6) 25. Bc4+ (25. Nxa5 $17 {was worth a try.} Re3 26. Bb5) 25... Be6 $1 {[%cal Re6c4]} 26. Nxa5 Bxc4 27. Nxc4 {[%mdl 4096] Endgame KRR-KRN} Re1+ 28. Kf2 Rc1 29. Ne5 Rd8 30. Nd3 Ra1 {Strongly threatening ...c4.} 31. Nxc5 Rxa2 32. Ne6 Rb8 33. Nxd4 Rbxb2 34. Rxb2 Rxb2+ $17 {KR-KN} 35. Kg3 Kf7 36. Nf5 Kf6 37. Nd6 Ke6 38. Ne4 Ke5 39. h4 Re2 40. Nf2 Kd4 41. Nh3 Ke3 42. Nf4 Ra2 (42... Rd2 {feels hotter.} 43. Nh5 Rd7 44. Kh3 Rc7 45. Ng3 Rf7) 43. Nd5+ Kd4 44. Nf4 Ra6 45. h5 (45. Kf2 $17) 45... Ke5 $2 ({Better is} 45... Ke3 $1 $19 {...Ra5 is the strong threat.} 46. Nd5+ Ke2 47. Nf4+ Kf1) 46. Nd3+ $2 (46. Ng6+ $15 Kd4 47. Nh4) 46... Kf5 $19 47. Kh4 Ra3 48. Nf2 (48. Nc5) 48... Ra2 49. Kg3 Kg5 50. Ne4+ Kxh5 51. Nc3 Rc2 52. Ne4 (52. Nd1 $142 g5 53. Ne3) 52... Kg6 53. Nf2 Kf5 54. Nd1 Ke5 55. Ne3 Re2 56. Ng4+ Kd4 57. Nf2 Rb2 $2 (57... Re6 58. Nh3 Ke3) 58. Nh3 $2 (58. Ne4) 58... Ke3 59. Nf4 Rd2 $2 (59... Rb5 {( -> ...Rg5+)} 60. Nh3 Ke2 61. Nf4+ Kf1) 60. Nh3 (60. Nh5 $19) 60... g5 61. f4 {[#]} gxf4+ $2 (61... g4 $1 {mates} 62. Kxg4 Rxg2+ 63. Kf5 h5 64. Ke5 Rg3 65. Ng5 Rg4 66. Ne6 h4 67. Kf5 {[#]} h3 $1 {[%mdl 512]} 68. Kxg4 h2 69. Kh4 h1=Q+ 70. Kg5 Qd5+ 71. Kf6 Ke4 72. Ke7 Qd2 73. Kf6 Qd6 74. f5 Qe5+ {[%mdl 64] Double Attack} 75. Kf7 Qxf5+ 76. Ke7 Ke5 77. Nd8 Qf6+ 78. Kd7 Kd5 79. Kc8 Qg7 80. Nb7 Kc6 81. Na5+ Kb5 82. Kd8 Kxa5 83. Kc8 Qe7 84. Kb8 Kb6 85. Kc8 Qe8#) 62. Nxf4 Rd6 63. Kg4 Ra6 64. g3 {White hopes to continue with Kh5.} Ra5 {aiming for ...Rg5+.} 65. Ng2+ $2 (65. Kh4 $19) 65... Kf2 {Black mates.} 66. Nf4 Rg5+ 67. Kh4 Rxg3 68. Kh5 Kf3 69. Ne6 Rh3+ 70. Kg6 {Weighted Error Value: White=0.62/Black=0.32} 0-1

[Event "ISR Youth-Ch Finals 2021 U18"]
[Site "Ramat Hasharon"]
[Date "2021.03.25"]
[Round "8.8"]
[White "Friedland, Eldar"]
[Black "Sheinkman, Lidan"]
[Result "1/2-1/2"]
[WhiteElo "2034"]
[BlackElo "1895"]
[Annotator "TA"]
[PlyCount "115"]
[EventDate "2021.03.19"]
[EventType "swiss"]
[EventCountry "ISR"]
[SourceTitle "playchess.com"]
[Source "ChessBase"]
[SourceQuality "1"]

{[%evp 12,115,42,40,66,64,70,77,81,18,28,8,20,6,80,80,87,83,74,75,111,96,132,83,100,92,96,91,91,92,97,88,102,56,62,58,77,72,87,87,87,87,88,88,93,93,108,107,108,108,108,108,108,108,108,92,126,126,135,76,116,66,85,60,58,51,87,51,58,56,79,70,70,70,76,74,69,74,129,128,155,155,155,154,154,122,104,62,62,0,51,41,66,66,66,66,70,70,71,1,29,1,1,0,8,8]} 1. d4 Nf6 2. c4 e5 3. dxe5 Ng4 4. Nf3 Nc6 5. Bf4 Bb4+ 6. Nc3 Qe7 $1 {6...Qe7 is better than 6...Bxc3+.} 7. Qb3 a5 {[%cal Ba7a5,Ba5a4][%mdl 32] A52: Budapest Gambit.} 8. a3 a4 $1 {[%cal Ra4b3]} 9. Qc2 Ba5 {[%cal Rg4e5] White is better.} 10. e3 (10. g3 $16) 10... Ngxe5 $11 11. Nxe5 Nxe5 12. Be2 O-O (12... b6 $11 {remains equal.}) 13. O-O $16 Bxc3 14. Qxc3 d6 {[#]} 15. c5 $1 Bd7 {[#]} 16. Rfd1 $146 ({Predecessor:} 16. Rad1 Bc6 17. cxd6 cxd6 18. Rd2 f6 19. Qb4 Qf7 20. Rxd6 Qg6 21. Bg3 Rad8 22. Rfd1 Rxd6 23. Rxd6 {1-0 (49) Van de Werken,H-Kuipers,E (2271) Gent 2000}) 16... Rfc8 17. Qd2 {[%cal Rc5d6]} Be6 18. cxd6 cxd6 19. Qxd6 Qxd6 20. Rxd6 Nc4 21. Rd4 b5 22. Bxc4 Bxc4 23. Bd6 Be6 24. Bb4 Rd8 25. Rad1 Rxd4 26. Rxd4 {[%mdl 4096] Endgame KRB-KRB} Rc8 {( -> ...Rc1+)} 27. Bc3 h6 28. f3 Rc7 29. Rd8+ Kh7 30. Rb8 Bc4 31. Kf2 Rd7 32. Bd4 Kg6 33. g4 f6 34. h4 h5 35. Kg3 (35. g5 $142) 35... Re7 36. Rb6 {Threatens to win with g5.} Re6 37. Rb7 {gxh5+ is the strong threat.} hxg4 38. fxg4 Re8 39. h5+ Kh6 40. Kf4 Bd3 41. Rb6 Re4+ 42. Kf3 Re7 43. Rb8 Kh7 44. Rd8 Bc4 (44... Bc2 $142) 45. Kf4 Bf1 46. e4 Be2 47. Bc3 Bc4 48. Rd2 Be6 49. Rh2 Kh6 50. Rd2 (50. Bd2 $14) 50... Rd7 (50... Kh7 $1 $11) 51. Rg2 Rd3 52. e5 fxe5+ 53. Kxe5 Bd7 54. Bd2+ g5 $1 {[#]} 55. Bb4 ({White should play} 55. hxg6+ $1 $16 Kxg6 56. g5) 55... Rf3 56. Bd2 (56. Kd6 $5 {[%cal Rd6d7]} Rd3+ 57. Kc7 $14) 56... Rd3 57. Kf6 Bxg4 58. Bxg5+ {Weighted Error Value: White=0.16/Black=0.14} 1/2-1/2

[Event "ISR Youth-Ch Finals 2021 U18"]
[Site "Ramat Hasharon"]
[Date "2021.03.25"]
[Round "8.9"]
[White "Stolyarsky, Yegor"]
[Black "Levitan, Ronit"]
[Result "1-0"]
[WhiteElo "2063"]
[BlackElo "2048"]
[Annotator "TA"]
[PlyCount "77"]
[EventDate "2021.03.19"]
[EventType "swiss"]
[EventCountry "ISR"]
[SourceTitle "playchess.com"]
[Source "ChessBase"]
[SourceQuality "1"]

{[%evp 16,77,6,3,8,11,14,18,8,7,39,16,31,32,54,43,104,99,98,64,57,60,87,91,86,91,86,86,89,88,117,87,102,58,58,31,84,89,85,59,109,73,113,95,237,239,239,247,252,193,318,316,448,442,579,576,568,566,595,572,649,651,774,744]} 1. d4 Nf6 2. Nf3 d5 3. g3 Bg4 4. Bg2 c6 5. c4 e6 6. Qb3 Qb6 7. O-O Nbd7 8. Nc3 Be7 9. Bf4 {was the old line (9.c5).} dxc4 {D11: Slav Defence: 3 Nf3 sidelines and 3...Nf6 4 e3 Bg4.} 10. Qxc4 {[#]} Nd5 $146 ({Predecessor:} 10... O-O 11. h3 Bh5 12. e4 Rfd8 13. Rfd1 h6 14. a3 a5 15. Rd2 a4 16. Nxa4 Qb5 17. Qxb5 cxb5 {0-1 (74) Eriksson,A (2360)-Agrest,E (2653) Sweden 2007}) 11. Bc1 O-O {The position is equal.} 12. e4 N5f6 13. Bf4 Qb4 (13... Qxb2 14. Rab1 $16) 14. Qd3 Bxf3 15. Bxf3 Nb6 (15... Rfd8 $14) 16. a3 Qc4 17. Qe3 {Hoping for b3!} Rfd8 18. Rfd1 Qb3 {[#]} 19. Nd5 $1 Qxe3 20. Nxe7+ Kf8 21. Bxe3 {Threatens to win with Nxc6.} Kxe7 22. b3 Rd7 23. Kf1 Rad8 24. Ke1 h6 25. h4 Na8 (25... Ne8 $14) 26. Rac1 Nc7 27. a4 a6 28. Rc4 Nce8 29. Rc2 e5 {Black cannot hold the game after this.} (29... Nc7 $16) 30. dxe5 $18 Rxd1+ 31. Bxd1 Nxe4 32. Bg4 Rd5 {[#]} (32... g6 $142 33. Bxh6 Rd5) 33. Rc4 $1 {[%cal Rc4e4]} Rxe5 (33... h5 $142 34. Bf3 (34. Rxe4 hxg4 35. Ke2 g6 $14) (34. Bxh5 Rxe5 35. Bf4 Rxh5 $11) 34... f5) 34. f4 {White is clearly winning.} b5 35. Rd4 ({Less strong is} 35. fxe5 bxc4 36. bxc4 Nc7 $14) 35... Rd5 36. Rxe4+ Kf8 37. Rd4 Nf6 38. Bf3 Rxd4 39. Bxd4 {Weighted Error Value: White=0.10/Black=0.38} 1-0